<?xml version="1.0" encoding="UTF-8"?>
<record
    xmlns:xsi="http://www.w3.org/2001/XMLSchema-instance"
    xsi:schemaLocation="http://www.loc.gov/MARC21/slim http://www.loc.gov/standards/marcxml/schema/MARC21slim.xsd"
    xmlns="http://www.loc.gov/MARC21/slim">

  <leader>02269cam a22003254a 4500</leader>
  <controlfield tag="001">14099193</controlfield>
  <controlfield tag="005">20220326193309.0</controlfield>
  <controlfield tag="007">vd cvaiz|</controlfield>
  <controlfield tag="008">050907s2004    sp a     bc   000 0 spa  </controlfield>
  <datafield tag="010" ind1=" " ind2=" ">
    <subfield code="a">  2005451624</subfield>
  </datafield>
  <datafield tag="020" ind1=" " ind2=" ">
    <subfield code="a">849595172X</subfield>
  </datafield>
  <datafield tag="040" ind1=" " ind2=" ">
    <subfield code="a">DLC</subfield>
    <subfield code="c">DLC</subfield>
    <subfield code="d">DLC</subfield>
  </datafield>
  <datafield tag="082" ind1=" " ind2=" ">
    <subfield code="a">708</subfield>
    <subfield code="b">A172v</subfield>
  </datafield>
  <datafield tag="100" ind1="1" ind2=" ">
    <subfield code="a">Acconci, Vito,</subfield>
    <subfield code="d">1940-</subfield>
    <subfield code="9">1966</subfield>
  </datafield>
  <datafield tag="245" ind1="1" ind2="0">
    <subfield code="a">Vito Hannibal Acconci studio /</subfield>
    <subfield code="c">[edici&#xF3;n, Mela D&#xE1;vila].</subfield>
  </datafield>
  <datafield tag="260" ind1=" " ind2=" ">
    <subfield code="a">Barcelona :</subfield>
    <subfield code="b">Museu d'Art Contemporani de Barcelona,</subfield>
    <subfield code="c">c2004.</subfield>
  </datafield>
  <datafield tag="300" ind1=" " ind2=" ">
    <subfield code="a">508 p. :</subfield>
    <subfield code="b">ill. ;</subfield>
    <subfield code="c">22 cm. +</subfield>
    <subfield code="e">1 videodisc (DVD : sd., col. ; 4 3/4 in.)</subfield>
  </datafield>
  <datafield tag="500" ind1=" " ind2=" ">
    <subfield code="a">Catalog of an exhibition held at Mus&#xE9;e des Beaux-Arts de Nantes, July 16-Oct. 17, 2004 and Museu d'Art Contemporani de Barcelona, Nov. 18, 2004-Feb. 20, 2005.</subfield>
  </datafield>
  <datafield tag="500" ind1=" " ind2=" ">
    <subfield code="a">Accompanying DVD is titled "Acconci Studio, interiors, buildings, parks" by Julia Loktev.</subfield>
  </datafield>
  <datafield tag="504" ind1=" " ind2=" ">
    <subfield code="a">Includes bibliographical references (p. 496-[509]).</subfield>
  </datafield>
  <datafield tag="505" ind1=" " ind2=" ">
    <subfield code="t">Introduccion</subfield>
    <subfield code="r">Corinne Diserens</subfield>
    <subfield code="t">Entrevista con Vito Acconi e Yvonne Rainer </subfield>
    <subfield code="r">Christophe Wavelet</subfield>
    <subfield code="t">Poemas </subfield>
    <subfield code="r">Vito Hannibal Acconci</subfield>
    <subfield code="t">0 to 9 y a la inversa. Entrevista con Vito Acconci</subfield>
    <subfield code="r">Thurtston Moore</subfield>
    <subfield code="t">Extractos 0 to 9</subfield>
    <subfield code="t">De 0 a 9: transcribir-interpretar-escribir</subfield>
    <subfield code="r">Sylvie Mokhtari</subfield>
    <subfield code="t">Obras </subfield>
    <subfield code="r">Vito Acconci</subfield>
    <subfield code="t">Fragil como un gorrion, pero tenaz...Entrevista con vito Acconci</subfield>
    <subfield code="r">Liza Bear</subfield>
    <subfield code="t">West,He said (al oeste, dijo el)</subfield>
    <subfield code="r">Vito Acconci</subfield>
    <subfield code="t">Light My Voice (El arte publico esta aqui para quedarse)</subfield>
    <subfield code="r">Jean Charles Massara</subfield>
    <subfield code="t">Obras </subfield>
    <subfield code="r">Vito Acconci</subfield>
    <subfield code="t">La construccion es un texto. Vito Acconci/Acconci Studio-Arquitectura</subfield>
    <subfield code="r">Lillian Pfaff</subfield>
    <subfield code="t">Obras/Proyectos</subfield>
    <subfield code="r">Acconci Studio</subfield>
    <subfield code="t">Espacio Publico en un tiempo privado</subfield>
    <subfield code="r">Vito Acconci</subfield>
    <subfield code="t">Cronologia. Proyectos de arquitectura en DVD</subfield>
    <subfield code="r">Sarina Basta. Julia Loktev</subfield>
  </datafield>
  <datafield tag="538" ind1=" " ind2=" ">
    <subfield code="a">System requirements for accompanying DVD: Mac.</subfield>
  </datafield>
  <datafield tag="600" ind1="1" ind2="0">
    <subfield code="a">Acconci, Vito,</subfield>
    <subfield code="d">1940-</subfield>
    <subfield code="v">Exhibitions.</subfield>
    <subfield code="9">1967</subfield>
  </datafield>
  <datafield tag="650" ind1=" " ind2=" ">
    <subfield code="a">Arte Contemporaneo</subfield>
    <subfield code="x">Exhibiciones </subfield>
    <subfield code="9">1968</subfield>
  </datafield>
  <datafield tag="700" ind1="1" ind2=" ">
    <subfield code="a">D&#xE1;vila, Mela.</subfield>
    <subfield code="9">1969</subfield>
  </datafield>
  <datafield tag="710" ind1="2" ind2=" ">
    <subfield code="a">Museu d'Art Contemporani (Barcelona, Spain)</subfield>
    <subfield code="9">1673</subfield>
  </datafield>
  <datafield tag="710" ind1="2" ind2=" ">
    <subfield code="a">Nantes (France).</subfield>
    <subfield code="b">Mus&#xE9;e des beaux-arts.</subfield>
    <subfield code="9">1970</subfield>
  </datafield>
  <datafield tag="906" ind1=" " ind2=" ">
    <subfield code="a">7</subfield>
    <subfield code="b">cbc</subfield>
    <subfield code="c">orignew</subfield>
    <subfield code="d">3</subfield>
    <subfield code="e">ncip</subfield>
    <subfield code="f">20</subfield>
    <subfield code="g">y-gencatlg</subfield>
  </datafield>
  <datafield tag="999" ind1=" " ind2=" ">
    <subfield code="c">409</subfield>
    <subfield code="d">409</subfield>
  </datafield>
  <datafield tag="952" ind1=" " ind2=" ">
    <subfield code="0">0</subfield>
    <subfield code="1">0</subfield>
    <subfield code="2">ddc</subfield>
    <subfield code="4">0</subfield>
    <subfield code="7">0</subfield>
    <subfield code="a">LV</subfield>
    <subfield code="b">LV</subfield>
    <subfield code="c">Monograf&#xED;as</subfield>
    <subfield code="d">2015-01-23</subfield>
    <subfield code="l">0</subfield>
    <subfield code="o">708 A172v</subfield>
    <subfield code="p">000556</subfield>
    <subfield code="r">2015-01-23 00:00:00</subfield>
    <subfield code="w">2015-01-23</subfield>
    <subfield code="y">01</subfield>
  </datafield>
</record>
